000 00951cam a2200241 i 4500
005 20260129101333.0
008 250721s2006 jo gr 000 0 ara d
020 _a9957074458
082 1 4 _a370.15
_bح س ي
100 1 _aحسين، سلامة عبد العظيم
_eمؤلف.
245 1 2 _aالذكاء الوجداني للقيادة التربوية /
_cالدكتور سلامة عبدالعظيم حسين ، الدكتور طه عبدالعظيم حسين.
264 3 1 _aعمان :
_bدار الفكر ناشرون وموزعون،
_c2006.
300 _a272 صفحة.
650 1 7 _aالتربية.
650 1 7 _aالمؤسسات التربوية.
650 1 7 _aالذكاء.
650 1 7 _aعلم النفس التربوي.
650 1 7 _aأساليب التدريس.
650 1 7 _aالقيادة.
700 1 _aحسين، طه عبد العظيم
_eمؤلف.
942 _2ddc
_cBK
999 _c99758
_d99758